The Muppets - Statistics

General Stats
  • This quiz has been taken 212 times
  • The average score is 16 of 28
Answer Stats
Picture Answer % Correct
Kermit the Frog
100%
Miss Piggy
98%
Animal
93%
Gonzo
92%
Fozzie Bear
90%
Beaker
89%
Swedish Chef
80%
Rizzo the Rat
70%
Scooter
66%
Rowlf the Dog
65%
Waldorf
64%
Pepé the King Prawn
63%
Statler
60%
Dr. Teeth
59%
Dr. Bunsen Honeydew
56%
Janice
51%
Sam Eagle
51%
Sweetums
51%
Zoot
40%
Floyd Pepper
39%
Camilla the Chicken
38%
Uncle Deadly
36%
Lew Zealand
35%
80's Robot
33%
Bobo the Bear
32%
Lips
26%
Beaureguard
15%
Big Mean Carl
13%
No matching quizzes found
Score Distribution
Percent of People with Each Score
Percentile by Number Answered
Your Score History
You have not taken this quiz